[Event "Niederbayernliga 1112"]
[Site "Bayern"]
[Date "2012.??.??"]
[Round "9"]
[White "Stadler, Helmut1111"]
[Black "Pledl, Thomas"]
[Result "1-0"]
[WhiteElo "1792"]
[BlackElo "1622"]
[PlyCount "103"]
[EventDate "2011.10.??"]
[EventType "team-tourn"]
[EventRounds "9"]
[EventCountry "GER"]
[SourceTitle "EXT 2023"]
[Source "ChessBase"]
[SourceDate "2022.10.05"]
[SourceVersion "1"]
[SourceVersionDate "2022.10.05"]
[SourceQuality "1"]
[WhiteTeam "Grafenau"]
[BlackTeam "Bayerwald Regen"]
[WhiteTeamCountry "GER"]
[BlackTeamCountry "GER"]

1. e4 e5 2. Nf3 d6 3. c3 Nf6 4. d3 Nc6 5. Bg5 Be7 6. Be2 h6 7. Bh4 0-0 8. 0-0 b6 9. Nbd2 Bb7 10. Rc1 a6 11. a3 b5 12. Bg3 Nh5 13. Nb3 f5 14. Nfd2 Nxg3 15. fxg3 Qd7 16. Rf2 fxe4 17. Nxe4 Rxf2 18. Kxf2 Rf8+ 19. Kg1 Qd8 20. Bf3 Bg5 21. Nxg5 Qxg5 22. Qd2 Qxd2 23. Nxd2 Ba8 24. Bd5+ Kh8 25. Nf3 Ne7 26. Bxa8 Rxa8 27. c4 bxc4 28. Rxc4 c5 29. b4 cxb4 30. Rxb4 Rc8 31. Ra4 Rc6 32. Kf2 Nd5 33. Ra5 Nc7 34. Ke3 Nb5 35. Nd2 d5 36. Nf3 Re6 37. a4 Nc7 38. Rc5 Re7 39. Nh4 Kh7 40. Rc6 Rf7 41. g4 d4+ 42. Ke4 Rf4+ 43. Kxe5 Rxg4 44. g3 Ne8 45. Rxa6 Nf6 46. Ra7 Rg5+ 47. Kxd4 Ng4 48. Nf3 Rg6 49. Ra5 Nf2 50. Ne5 Rg5 51. Rd5 Ng4 52. h4 1-0

[Event "Niederbayernliga 1011"]
[Site "Germany"]
[Date "2010.10.24"]
[Round "2.5"]
[White "Zankl, Thomas"]
[Black "Pledl, Thomas"]
[Result "1-0"]
[WhiteElo "2013"]
[BlackElo "1622"]
[PlyCount "57"]
[EventDate "2010.10.10"]
[EventType "team-tourn"]
[EventRounds "9"]
[EventCountry "GER"]
[SourceTitle "EXT 2012"]
[Source "ChessBase"]
[SourceDate "2011.11.24"]
[SourceVersion "1"]
[SourceVersionDate "2011.11.24"]
[SourceQuality "1"]
[WhiteTeam "Rottal II"]
[BlackTeam "Bayerwald"]
[WhiteTeamCountry "GER"]
[BlackTeamCountry "GER"]

1. d4 d5 2. c4 dxc4 3. e4 Nc6 4. Be3 Nf6 5. f3 b5 6. a4 Rb8 7. axb5 Rxb5 8. Qa4 Ra5 9. Qxc6+ Bd7 10. Qxd7+ Nxd7 11. Rxa5 Qb8 12. Nd2 e6 13. Bxc4 Bb4 14. Rb5 Bxd2+ 15. Bxd2 Nb6 16. Bd3 0-0 17. Ne2 Rd8 18. 0-0 h6 19. Rc1 a6 20. Ra5 Rd6 21. Bf4 Rd7 22. Bxa6 g5 23. Be5 f5 24. Bb5 Re7 25. exf5 exf5 26. Bc6 Kf7 27. Nc3 Nc4 28. Bd5+ Kf8 29. Ra8 1-0

[Event "Niederbayernliga 0910"]
[Site "Germany"]
[Date "2009.10.18"]
[Round "1.7"]
[White "Pledl, Thomas"]
[Black "Hartl, Manfred"]
[Result "1/2-1/2"]
[WhiteElo "1620"]
[BlackElo "1753"]
[PlyCount "143"]
[EventDate "2009.10.18"]
[EventType "team-tourn"]
[EventRounds "9"]
[EventCountry "GER"]
[SourceTitle "EXT 2011"]
[Source "ChessBase"]
[SourceDate "2010.11.26"]
[SourceVersion "1"]
[SourceVersionDate "2010.11.26"]
[SourceQuality "1"]
[WhiteTeam "Bayerwald"]
[BlackTeam "Grafenau"]
[WhiteTeamCountry "GER"]
[BlackTeamCountry "GER"]

1. e4 e5 2. Bc4 Nc6 3. Nf3 Nf6 4. d3 h6 5. a3 d6 6. h3 Be7 7. Nc3 0-0 8. Be3 a6 9. 0-0 Be6 10. Nd5 Qc8 11. Nxf6+ Bxf6 12. Bxe6 Qxe6 13. Qc1 Be7 14. Nh2 f5 15. f3 f4 16. Bd2 Rf6 17. c3 Rg6 18. Kh1 h5 19. Be1 Na5 20. Rb1 Nb3 21. Qc2 c5 22. Rg1 c4 23. Nf1 cxd3 24. Qxd3 Rc8 25. Nd2 Nc5 26. Qd5 Qxd5 27. exd5 Bd8 28. Bf2 Nd3 29. Ne4 Nxf2+ 30. Nxf2 Bb6 31. Rgf1 Rh6 32. Ne4 Bd8 33. Rbc1 g5 34. Rc2 g4 35. b3 Kf7 36. c4 Bb6 37. Kh2 Be3 38. Re2 Ke7 39. Ng5 b5 40. Rc2 Rhh8 41. h4 g3+ 42. Kh3 bxc4 43. bxc4 Rb8 44. Re1 Rb3 45. a4 Rhb8 46. Ne4 Rb1 47. Rce2 R8b2 48. Rxb1 Rxb1 49. Nxg3 fxg3 50. Rxe3 Rb4 51. Rc3 Rxa4 52. Kxg3 a5 53. f4 Rb4 54. fxe5 a4 55. exd6+ Kd7 56. Kf4 Kxd6 57. Kg5 Kc5 58. d6 Kxd6 59. Kxh5 Rb3 60. c5+ Kc6 61. Rc1 Rg3 62. Ra1 a3 63. Ra2 Kxc5 64. Kh6 Kb4 65. h5 Kb3 66. Rf2 a2 67. Rxa2 Kxa2 68. Kh7 Kb3 69. h6 Kc4 70. Kh8 Kd5 71. h7 Rg6 72. g4 1/2-1/2

[Event "Niederbayernliga 0809"]
[Site "Germany"]
[Date "2008.11.30"]
[Round "3.8"]
[White "Pledl, Thomas"]
[Black "Bilyavskyy, Borys"]
[Result "0-1"]
[WhiteElo "1656"]
[BlackElo "1795"]
[PlyCount "92"]
[EventDate "2008.10.05"]
[EventType "team-tourn"]
[EventRounds "9"]
[EventCountry "GER"]
[SourceTitle "EXT 2010"]
[Source "ChessBase"]
[SourceDate "2010.11.25"]
[SourceVersion "1"]
[SourceVersionDate "2010.11.25"]
[SourceQuality "1"]
[WhiteTeam "Bayerwald"]
[BlackTeam "Ergolding"]
[WhiteTeamCountry "GER"]
[BlackTeamCountry "GER"]

1. e4 c5 2. Nc3 Nc6 3. Bc4 e6 4. Nf3 g6 5. 0-0 Bg7 6. a3 Nge7 7. d3 0-0 8. Rb1 d5 9. exd5 exd5 10. Ba2 Be6 11. Re1 Qd7 12. Ne2 Bg4 13. c3 Bxf3 14. gxf3 Ne5 15. Ng3 Rfe8 16. Bf4 N5c6 17. Bb3 Nf5 18. Rxe8+ Rxe8 19. Nxf5 Qxf5 20. Bg3 h5 21. h4 Bh6 22. Bc2 Qf6 23. Ba4 g5 24. hxg5 Bxg5 25. Bxc6 bxc6 26. f4 Bxf4 27. Qxh5 Bxg3 28. Qg4+ Qg7 29. Qxg7+ Kxg7 30. fxg3 Re3 31. Rd1 Rxg3+ 32. Kf2 Rh3 33. Kg2 Rh6 34. c4 d4 35. Re1 Re6 36. Rxe6 fxe6 37. Kf3 Kf6 38. b4 cxb4 39. axb4 Kf5 40. Ke2 Kf4 41. Kd2 Kf3 42. c5 a6 43. Kc2 Ke2 44. Kb3 Kxd3 45. Ka4 Kc4 46. Ka5 d3 0-1